Loading...
| Science - Physics | 0 | 9 | 0 | 1 | 90 | 19 | 65.33 | 4 | 9 | 0.00 | 0.00 |
| Science - Biology | 0 | 9 | 2 | 0 | 80 | 16 | 52.00 | 6 | 8 | 0.00 | 0.00 |
| Science - Chemistry | 0 | 8 | 2 | 0 | 70 | 48 | 71.13 | 2 | 8 | 0.00 | 0.00 |
| Mythology | 0 | 6 | 1 | 0 | 55 | 66 | 83.17 | 1 | 6 | 0.00 | 0.00 |
| Literature - European | 0 | 4 | 0 | 0 | 40 | 64 | 72.50 | 2 | 4 | 0.00 | 0.00 |
| Science - Other | 0 | 5 | 2 | 1 | 40 | 51 | 87.40 | 2 | 4 | 0.00 | 0.00 |
| Religion | 0 | 5 | 3 | 0 | 35 | 66 | 87.80 | 0 | 2 | 0.00 | 0.00 |
| Social Science | 0 | 4 | 2 | 0 | 30 | 72 | 78.50 | 0 | 2 | 0.00 | 0.00 |
| Literature - World | 0 | 4 | 2 | 2 | 30 | 63 | 95.75 | 2 | 4 | 0.00 | 0.00 |
| Literature - British | 0 | 2 | 0 | 0 | 20 | 115 | 116.00 | 0 | 1 | 0.00 | 0.00 |
| Literature - American | 0 | 2 | 0 | 0 | 20 | 33 | 60.00 | 0 | 1 | 0.00 | 0.00 |
| History - American | 0 | 2 | 0 | 2 | 20 | 122 | 124.50 | 0 | 0 | 0.00 | 0.00 |
| Fine Arts - Other | 0 | 2 | 0 | 0 | 20 | 67 | 82.00 | 1 | 1 | 0.00 | 0.00 |
| Current Events | 0 | 2 | 0 | 1 | 20 | 91 | 113.50 | 0 | 1 | 0.00 | 0.00 |
| Pop Culture | 0 | 2 | 0 | 0 | 20 | 41 | 60.00 | 0 | 0 | 0.00 | 0.00 |
| History - World | 0 | 2 | 0 | 0 | 20 | 64 | 65.50 | 1 | 2 | 0.00 | 0.00 |
| History - Other | 0 | 2 | 0 | 0 | 20 | 56 | 58.00 | 2 | 2 | 0.00 | 0.00 |
| Fine Arts - Painting and Sculpture | 0 | 2 | 1 | 0 | 15 | 61 | 64.50 | 2 | 2 | 0.00 | 0.00 |
| Other Academic | 0 | 1 | 0 | 0 | 10 | 56 | 56.00 | 1 | 1 | 0.00 | 0.00 |
| Philosophy | 0 | 0 | 2 | 0 | -10 | 0.00 | 0 | 0 | 0.00 | 0.00 |